000 00218nam a2200109Ia 4500
008 190216s9999||||xx |||||||||||||| ||und||
100 _aKaur H
245 0 _aEurope
260 _bNull
650 _aHistory
942 _cBK
999 _c20371
_d20371